[Event "Werner-Ott-Open Kreuzberger Sommer 2014"]
[Site "Berlin"]
[Date "2014.07.06"]
[Round "2.26"]
[White "Acikel, Mert"]
[Black "Baumert, Christian"]
[Result "0-1"]
[WhiteElo "1707"]
[BlackElo "2137"]
[PlyCount "140"]
[EventDate "2014.??.??"]
[WhiteTeam "SV Mattnetz"]
[BlackTeam "SG Lasker Steglitz-Wilmersdorf"]

1. e4 c6 2. d4 d5 3. Nc3 dxe4 4. Nxe4 Nd7 5. Bc4 Ngf6 6. Ng5 e6 7. Qe2 Nb6 8.
Bd3 h6 9. N5f3 c5 10. Be3 Qc7 11. Ne5 cxd4 12. Bb5+ Nbd7 13. Bxd4 a6 14. Bd3
Bc5 15. Bxc5 Qxc5 16. Ngf3 Nxe5 17. Nxe5 Nd7 18. Nf3 b6 19. O-O Bb7 20. Be4
Bxe4 21. Qxe4 O-O 22. Qd4 Qxd4 23. Nxd4 Rfc8 24. c3 Kf8 25. Rad1 Ke7 26. Rfe1
g6 27. f4 Rc7 28. f5 Nf8 29. fxg6 fxg6 30. Re5 Rd8 31. Rde1 Rd6 32. h4 Rc5 33.
Rxc5 bxc5 34. Nb3 Nd7 35. g4 e5 36. Re4 Ke6 37. c4 Rd1+ 38. Kg2 Kd6 39. Re3 Nf6
40. g5 hxg5 41. hxg5 Nh5 42. Kf3 Rf1+ 43. Ke2 Rg1 44. Nd2 Rg2+ 45. Kd3 Nf4+ 46.
Kc3 Ne6 47. Nf3 Rg3 48. Rd3+ Nd4 49. Nd2 Rg2 50. Ne4+ Kc6 51. Rd2 Rg4 52. Kd3
Ne6 53. Ke3 Nxg5 54. Rd6+ Kc7 55. Rd7+ Kxd7 56. Nf6+ Ke6 57. Nxg4 Nf7 58. Nf2
Nd6 59. b3 Kf5 60. Nd3 Nb7 61. b4 cxb4 62. Nxb4 Nc5 63. Nd5 g5 64. Ne7+ Ke6 65.
Ng6 Kf6 66. Nf8 Kg7 67. Ne6+ Nxe6 68. Ke4 Kf6 69. Kf3 Nc5 70. a3 Kf5 0-1